| 000 | 00846nam a2200193Ia 4500 | ||
|---|---|---|---|
| 003 | GCL | ||
| 008 | 140319s9999 xx 000 0 ara d | ||
| 040 |
_aGCL / _cGCL |
||
| 082 | 0 | 4 |
_aم _b031 _bا ق |
| 100 | 1 | _aاديتوكربس الدولية | |
| 245 | 1 | 0 |
_aقصة و تاريخ الحضارات العربية بين الامس و اليوم : _bاول موسوعة من نوعها حديثة و بالالوان تعالج نشاة البلدان العربية واحداثها حتى ايامنا هذه / _cاديتوكربس الدولية |
| 260 |
_aبيروت : _bاديتوكربس الدولية ، _c1999 |
||
| 300 |
_a28 جزء فى14مج: _bايض ؛ _c24 سم |
||
| 490 | _a | ||
| 650 | 0 | 4 | _aالتاريخ |
| 650 | 0 | 4 | _aدوائر المعارف العربية |
| 650 | 0 | 4 | _aالبلاد العربية |
| 942 |
_2ddc _cREF |
||
| 999 |
_c49717 _d49717 |
||